आपका बंटी/ (Record no. 165889)
| 000 -LEADER | |
|---|---|
| fixed length control field | 00801nam a2200217Ia 4500 |
| 003 - CONTROL NUMBER IDENTIFIER | |
| control field | LDD |
| 005 - DATE AND TIME OF LATEST TRANSACTION | |
| control field | 20190614143118.0 |
| 008 - FIXED-LENGTH DATA ELEMENTS--GENERAL INFORMATION | |
| fixed length control field | 190117s9999 xx 000 0 und d |
| 020 ## - INTERNATIONAL STANDARD BOOK NUMBER | |
| International Standard Book Number | 9788171198634 |
| Terms of availability | ₹395 |
| 040 ## - CATALOGING SOURCE | |
| Transcribing agency | LDD |
| 041 ## - LANGUAGE CODE | |
| Language code of text/sound track or separate title | hi |
| 082 ## - DEWEY DECIMAL CLASSIFICATION NUMBER | |
| Edition number | 23 |
| Classification number | 8H3.7 भ3916 -25 |
| 100 ## - MAIN ENTRY--PERSONAL NAME | |
| Personal name | भंडारी, मन्नू |
| Relator term | लेखक |
| 9 (RLIN) | 6379 |
| 245 #0 - TITLE STATEMENT | |
| Title | आपका बंटी/ |
| Statement of responsibility, etc. | मन्नू भंडारी |
| 260 ## - PUBLICATION, DISTRIBUTION, ETC. | |
| Name of publisher, distributor, etc. | राधाकृष्ण प्रकाशन |
| Date of publication, distribution, etc. | 2015 |
| Place of publication, distribution, etc. | दिल्ली |
| 300 ## - PHYSICAL DESCRIPTION | |
| Extent | x, 207 |
| 650 ## - SUBJECT ADDED ENTRY--TOPICAL TERM | |
| Topical term or geographic name entry element | हिंदी उपन्यास |
| 9 (RLIN) | 6380 |
| 901 ## - LOCAL DATA ELEMENT A, LDA (RLIN) | |
| a | STAR |
| 904 ## - LOCAL DATA ELEMENT D, LDD (RLIN) | |
| a | Reqst by : Shatrughna Kumar |
| 942 ## - ADDED ENTRY ELEMENTS (KOHA) | |
| Source of classification or shelving scheme | Dewey Decimal Classification |
| Koha item type | Hindi Books |
| Edition | 23 |
| Classification part | 8H3.7 भ3916 -25 |
| Withdrawn status | Lost status | Source of classification or shelving scheme | Damaged status | Not for loan | Home library | Current library | Date acquired | Total Checkouts | Full call number | Barcode | Date last seen | Date last checked out | Price effective from | Koha item type |
|---|---|---|---|---|---|---|---|---|---|---|---|---|---|---|
| No | Dewey Decimal Classification | Library and Documentation Division | Library and Documentation Division | 01/17/2019 | 2 | 8H3.7 भ3916 -25 | H021043 | 10/03/2024 | 08/28/2023 | 01/17/2019 | Hindi Books |
